| 000 | 00922nam a2200265 a 4500 | ||
|---|---|---|---|
| 001 | 000023140 | ||
| 005 | 20200930022020.0 | ||
| 008 | 101129s1994 sp r 000 f spa d | ||
| 020 | _a8420646369 | ||
| 040 |
_aDO-SdBNP _bspa _cBNPHU |
||
| 082 |
_a892.756925 _bM111i |
||
| 100 | 1 |
_aMaalouf, Amin, _c1949- _947646 |
|
| 245 | 1 | 0 |
_aLa invasión : _b(1096-1100) / _cAmin Maalouf ; traducción de María Teresa Gallego y María Isabel Reverte. |
| 260 |
_aMadrid : _bAlianza Editorial, _bGrupo Anaya, _c1994. |
||
| 300 |
_a95 p. ; _c15 cm. |
||
| 490 | 1 |
_aAlianza cien _v36 |
|
| 500 | _aLibro de bolsillo | ||
| 650 | 4 |
_aNovela libanesa _947647 |
|
| 650 | 4 |
_aNovela árabe _931805 |
|
| 650 | 4 |
_aLiteratura libanesa _ySIGLO XX _947648 |
|
| 650 | 4 |
_aLiteratura árabe _ySIGLO XX _947649 |
|
| 700 | 1 |
_aGallego, María Teresa _etr. _913579 |
|
| 700 | 1 |
_aReverte Cejudo, María Isabel _etr. _947650 |
|
| 830 | 0 |
_aAlianza cien ; _n36 _947651 |
|
| 999 |
_c22637 _d22637 |
||